Creacin̤ de empresas Gua̕ prc̀tica /

Detalles Bibliográficos
Autor principal: Arv̌alo Reyes, Hčtor Daro̕
Formato: eBook
Lenguaje:español
Publicado: Bogot:̀ ECOE, 2018
Materias:
Acceso en línea:Acceso restringido

MARC

LEADER 00000nam a22000007a 4500
005 20220214232436.0
007 cr|||| ||||
008 220214s2018 co |||||s|||| 00||0 spa d
020 |a 978-958-771-643-6 
035 |a 35809 
040 |a vLex 
090 |c 12996  |d 12996 
100 1 |a Arv̌alo Reyes, Hčtor Daro̕ 
245 1 0 |a Creacin̤ de empresas  |h [Recurso electrn̤ico] :  |b Gua̕ prc̀tica /  |c Hčtor Daro̕ Arv̌alo Reyes 
256 |a Servicio en ln̕ea 
260 |a Bogot:̀  |b ECOE,  |c 2018 
300 |a 1 recurso electrn̤ico 
500 |a Para todo aquel que est ̌interesado en crear empresa, el autor ofrece una ilustracin̤ clara y precisa de cm̤o debe hacerlo segn︢ la legislacin̤ colombiana. El libro inicia estableciendo y explicando las diferentes maneras de crear empresa, como persona natural, por establecimiento de comercio o por alguna de las diferentes sociedades que hay en Colombia (limitada, por acciones simplificadas, ann̤ima, etc.). Continua seąlando los pasos para crear empresa, incluyendo las consultas, el tema tributario, los registros, los sistemas de gestin̤ de calidad y un ejemplo de la solucin̤ de problemas empresariales. Esta obra va dirigida a estudiantes, docentes, emprendedores y, especialmente, a todas las personas que quieran crear empresa. 
506 1 |a Disponible solo en los productos indicados  |d vLex Global  |d vLex Global (Academic Edition, excluding Law Schools)  |d vLex Global (U.S. Academic Edition, Law Schools)  |d vLex Global (U.S. Academic Edition, excluding Law Schools)  |d vLex Global (Academic Edition, Law Schools) 
650 0 4 |a Administracin̤ (Management)  |z Colombia 
740 0 |a vLex Libros (Servicio en ln̕ea) 
856 4 0 |u https://app.vlex.com/#/sources/35809  |z Acceso restringido 
942 |c BOOK 
999 0 |a Management